| 000 | 00472cam a2200181ua 4500 | ||
|---|---|---|---|
| 020 | _c1.75 | ||
| 041 |
_amal _h` |
||
| 082 |
_a894.812301 _bKUT/KO |
||
| 100 | _aKuttikrishnan, P.C . | ||
| 245 |
_aKoompedukkunna mannu / _cP.C.Kuttikrishnan. _hTextual Documents |
||
| 260 |
_aKottayam : _bSahitya Pravarthaka Co-operative Society , _c1963. |
||
| 300 | _a126 ; . | ||
| 365 | _a1.75 | ||
| 504 | _a | ||
| 942 | _cBK | ||
| 999 |
_c11403 _d11403 |
||